00634nam a2200169 i 450000100060000000300090000600500170001500700030003200800410003510000300007624500890010626000510019530000210024685200340026799900170030195201460031881411ES-MaACL20230906174430.0t|041104s1980 zzz ||||1| spa d1 aHsiang, Nai-Kuang.96445710aDemoler las maniobras del Frente Unido de los comunistas chinos /cNai-Kuang Hsiang. a[S.l.] : bLiga Mundial Anticomunista, c1980. a24 p. ; c19 cm. aES-MaACLj2111-F-8 bR.100655 c81411d81411 001040708Colección_de_folletosaATENEOMbATENEOMcDEPOFd2008-01-17eSCl0o2111-F-8p1085103r2023-02-23 00:00:00w2023-02-23yFOLLETOS